| 000 | 00364nam a2200133Ia 4500 | ||
|---|---|---|---|
| 008 | 220217s9999||||xx |||||||||||||| ||und|| | ||
| 020 | _a97881174092823 | ||
| 082 | _a620 JAI | ||
| 100 | _aJain R.K | ||
| 245 | 0 | _aMechanical engineering for competitions | |
| 260 |
_aKhanna publishers _bNew Delhi _c2014 |
||
| 300 |
_aXV, 1154p. _b525 |
||
| 650 | _aMECHANICHAL | ||
| 999 |
_c185528 _d185528 |
||